Investigación de la distribución de productos en el mercado / (Record no. 94906)

MARC details
000 -LEADER
campo de control de longitud fija 00840nam a2200241 i 4500
001 - NÚMERO DE CONTROL
campo de control 94906
003 - IDENTIFICADOR DE NÚMERO DE CONTROL
campo de control ES-MaACL
005 - FECHA Y HORA DE LA ÚLTIMA TRANSACCIÓN
campo de control 20230906181600.0
007 - CAMPO FIJO DE DESCRIPCIÓN FÍSICA--INFORMACIÓN GENERAL
campo de control de longitud fija t|
008 - DATOS DE LONGITUD FIJA--INFORMACIÓN GENERAL
campo de control de longitud fija 050517s1953 sp ||||1| spa d
100 1# - ENTRADA PRINCIPAL--NOMBRE DE PERSONA
Nombre de persona Luck, David J.
9 (RLIN) 74597
245 10 - MENCIÓN DEL TÍTULO
Título Investigación de la distribución de productos en el mercado /
Mención de responsabilidad, etc. David J. Luck y Hugh G. Wales...; prólogo y supervisión de la traducción Pedro Prat Gaballí; [versión española de Jaime Bosch Biosca].
250 ## - MENCION DE EDICION
Mención de edición [3ª ed.].
260 ## - PUBLICACIÓN, DISTRIBUCIÓN, ETC.
Lugar de publicación, distribución, etc. Barcelona :
Nombre del editor, distribuidor, etc. Hispano Europea,
Fecha de publicación, distribución, etc. 1953.
300 ## - DESCRIPCIÓN FÍSICA
Extensión XVI, 608 p. ;
Dimensiones 21 cm.
490 1# - MENCIÓN DE SERIE
Mención de serie Galileo
700 1# - ENTRADA AGREGADA--NOMBRE PERSONAL
Nombre de persona Wales, Hugh G.
9 (RLIN) 115908
700 1# - ENTRADA AGREGADA--NOMBRE PERSONAL
Nombre de persona Prat Gaballí, Pedro (
Fechas asociadas al nombre 1885-1962)
9 (RLIN) 93676
700 1# - ENTRADA AGREGADA--NOMBRE PERSONAL
Nombre de persona Bosch Biosca, Jaime.
9 (RLIN) 30650
830 0# - PUNTO DE ACCESO ADICIONAL DE SERIE-TÍTULO UNIFORME
Título uniforme Galileo
9 (RLIN) 182278
852 ## - LOCALIZACIÓN
Ubicación ES-MaACL
Número de control de estantería C-11850
Sublocalización o colección R.40034
Holdings
Estatus retirado Estado de pérdida Estado de daño No para préstamo Biblioteca de origen Biblioteca actual Ubicación en estantería Fecha de adquisición Fuente de adquisición Total de préstamos Signatura topográfica completa Código de barras Visto por última vez Precio de reemplazo Tipo de ítem Koha
        Biblioteca del Ateneo de Madrid Biblioteca del Ateneo de Madrid Sala Palomar 17/01/2008     C-11850 1099110 23/02/2023 23/02/2023 Libro impreso